000 01758nam a22004937a 4500
003 OSt
005 20230413082805.0
008 221006b |||||||| |||| 00| 0 eng d
040 _cBiblioteca Lado V
082 _a700
_bK41a
100 _9797
_aKerraoul, Jean Pierre de
_eeditor
_edirector
245 _aArtpress/
260 _bCourt Gallerie
_c2003
_aParis
300 _c21x28cm
_a98p.
366 _eeng
490 _a295
_v03
_v2003
_x0004 3273
505 _texporama
505 _tJean Cocteau
505 _tdossier photographie: fait et fiction
505 _tSophie Calle la femme qui n;etait pas la
505 _tl'autobiographie dans l'oeuvre de Rodney Graham
505 _tJean-Luc Moulene la guerre des images
505 _tl'art des faux-semblants
505 _tJe trouve ca beau, que faire? art et design graphique
505 _tart press livres
505 _tRoland Barthes vers la vie nouvelle
505 _tRaymond Federman
505 _tMichel Schneider morts imaginaires
505 _tcouches, les morts!
505 _tMike Kelley Essays and Criticism
505 _tle feuilleton
505 _tles expositions
505 _tla danse
650 _2Tesauro de Arte & Arquitectura
_aARTE
_9703
650 _2Tesauro de Arte & Arquitectura
_aEXPOSICIONES
650 _2Tesauro de Arte & Arquitectura
_aBIENAL
650 _2Tesauro de Arte & Arquitectura
_aAPRECIACION
650 _2Tesauro de Arte & Arquitectura
_aTEORIA
650 _2Tesauro de Arte & Arquitectura
_aCRITICA
650 _2Tesauro de Arte & Arquitectura
_aFOTOGRAFIA
_9702
650 _2Tesauro de Arte & Arquitectura
_aLITERATURA
650 _2Tesauro de Arte & Arquitectura
_aPARIS
942 _2ddc
_c1
_h700
_iK41a
_n0
999 _c3348
_d3348